• 首页
  • 本馆介绍
  • 公告通知
  • 最新文献
  • 馆藏检索
  • 电子资源
  • 读者导购
  • 参考咨询
  • 我的图书馆
  • 登录
  • 详细信息显示
  • 放入我的书架
  • 预约/预借图书
  • 作者相关作品
  • 分类相关作品
  • 丛书相关作品
  • 出版社相关作品

书目信息

  • 表格格式
  • 工作单格式
  • 卡片格式
题名:
开元天宝遗事十种
    
 
作者: 王仁裕 撰 ;丁如明 辑校
分册:  
出版信息: 上海   上海古籍出版社  1985
页数: 157页
开本: 19cm
丛书名:
单 册:
中图分类: K242.06
科图分类:
主题词: 中国--历史
电子资源:
ISBN:
000 00698nam0 2200253 45
001 0185005614
005 20040505103201.9
010    @dCNY0.62
091    @a10186.506
100    @a19901106d1985 em y0chiy0121 ea
101 0  @achi
102    @aCN@b310000
105    @ay z 000ay
106    @ar
200 10 @a开元天宝遗事十种@Akai yuan tian bao yi shi shi zhong@f(五代)王仁裕撰@g丁如明辑校
210    @a上海@c上海古籍出版社@d1985
215    @a157页@d19cm
606 0  @a中国@x历史
690    @aK242.06
701  0 @a王仁裕@Awang ren yu@f五代@4撰
702  0 @a丁如明@Ading ru ming@4辑校
801  0 @aCN@b深圳图书馆@c20040505
801  2 @aCN@bNLC@c20040505
905    @f1@b217324@dK242.06@e11
    
    开元天宝遗事十种/(五代)王仁裕撰/丁如明辑校.-上海:上海古籍出版社,1985
    157页;19cm
    
    
    ISBN :CNY0.62
    
●
相关链接 在E读中查询图书 在五车中查询图书 在当当中查询图书 在豆瓣中查询图书


正题名:开元天宝遗事十种     索取号:K242.06/11         预约/预借

序号 登录号 条形码 馆藏地/架位号 状态 备注
1 0217324   001288314   第二借阅区/ [索取号:K242.06/11] 在馆    
2 0217325   001288323   第二样本阅览室/ [索取号:K242.06/11] 在馆    
唐山师范学院图书馆 欢迎您!
大连网信软件有限公司© 版权所有